000 00490nam a2200145 4500
999 _c10718
_d10718
008 180918b ||||| |||| 00| 0 eng d
022 _a2094-8042
082 _aDPer 370.105 M72 Jan-Dec 2011 v59-60
100 _931260
_aPacardo, Heide B.
245 _aCapture the girl scout spirit/
_cHeide B. Pacardo.
260 _aPhilippines:
_bIn the Grade School, Inc.,
_cc2011.
300 _av60 n4, page 156:
_billustrations;
_c27cm.
650 0 _931261
_aScouts and scouting.
942 _2ddc
_cPER